| 000 | 01286cam a2200349 a 4500 | ||
|---|---|---|---|
| 001 | 14336093 | ||
| 005 | 20200421093819.0 | ||
| 008 | 060411r20051970enkabf b 001 0 eng | ||
| 010 | _a 2006274202 | ||
| 015 |
_aGBA533925 _2bnb |
||
| 016 | 7 |
_a013180536 _2Uk |
|
| 020 | _a1844153045 (pbk.) | ||
| 035 | _a(OCoLC)ocm59355918 | ||
| 040 |
_aUKM _cUKM _dBAKER _dDLC |
||
| 042 | _alccopycat | ||
| 043 | _aa-ja--- | ||
| 050 | 0 | 0 |
_aD767.2 _b.T58 2005 |
| 082 | 0 | 4 |
_a940.5352 _222 |
| 100 | 1 |
_aToland, John. _9144 |
|
| 245 | 1 | 4 |
_aThe rising sun : _bthe decline and fall of the Japanese Empire 1936-1945 / _cJohn Toland. |
| 260 |
_aBarnsley, South Yorkshire : _bPen & Sword Military Classics, _c2005. |
||
| 300 |
_axi, 954 p., [24] p. of plates : _bill., maps ; _c20 cm. |
||
| 490 | 1 |
_aPen & Sword military classics ; _vseries no. 60 |
|
| 500 | _aOriginally published: New York : Random House, 1970. | ||
| 504 | _aIncludes bibliographical references (p. [883]-929) and index. | ||
| 650 | 0 |
_aWorld War, 1939-1945 _zJapan. _9762 |
|
| 651 | 0 |
_aJapan _xHistory _y1926-1945. _9145 |
|
| 830 | 0 |
_aPen & Sword military classics (Series) ; _vseries no. 60. |
|
| 906 |
_a7 _bcbc _ccopycat _d2 _encip _f20 _gy-gencatlg |
||
| 942 |
_2ddc _cBK |
||
| 999 |
_c125 _d125 |
||